| 000 | 00645pam a2200205 a 4500 | ||
|---|---|---|---|
| 020 | _a0070487782 (acidfree paper) | ||
| 040 | _cDLC | ||
| 082 | 0 | 0 | _a338 INW 1998 A021 Or. |
| 100 | 1 | _aPashigian, B. Peter | |
| 245 | 1 | 0 | _aPrice theory and applications / |
| 250 | _a2nd ed. | ||
| 260 |
_aBoston, Mass. : _bIrwin/McGraw-Hill, _cc1998. |
||
| 300 |
_axxii, 762 p. : _bcol. ill. ; _c25 cm. |
||
| 500 | _a"International edition"--T.p. verso. | ||
| 650 | 0 | _aMicroeconomics. | |
| 650 | 0 | _aPrices. | |
| 856 | 4 | 2 | _uhttp://www.loc.gov/catdir/description/mh022/97001282.html |
| 856 | 4 | 1 | _uhttp://www.loc.gov/catdir/toc/mh022/97001282.html |
| 942 | _cEK | ||
| 999 |
_c12660 _d12660 |
||